MARC details
| 000 -CABECERA |
| campo de control de longitud fija |
02378nam a2200337 a 4500 |
| 003 - IDENTIFICADOR DEL NÚMERO DE CONTROL |
| campo de control |
DO-SdBNP |
| 005 - FECHA Y HORA DE LA ÚLTIMA TRANSACCIÓN |
| campo de control |
20250227073855.0 |
| 007 - CAMPO FIJO DE DESCRIPCIÓN FÍSICA--INFORMACIÓN GENERAL |
| campo de control de longitud fija |
ta |
| 008 - DATOS DE LONGITUD FIJA--INFORMACIÓN GENERAL |
| campo de control de longitud fija |
211230e2002 dr aco|gr|||| 001 0 spa d |
| 020 ## - NÚMERO INTERNACIONAL ESTÁNDAR DEL LIBRO |
| Número Internacional Estándar del Libro |
999343034X |
| 040 ## - FUENTE DE LA CATALOGACIÓN |
| Centro catalogador/agencia de origen |
DO-SdBNP |
| Lengua de catalogación |
spa |
| Centro/agencia transcriptor |
BNPHU |
| 082 #4 - NÚMERO DE LA CLASIFICACIÓN DECIMAL DEWEY |
| Número de edición |
22 |
| Número de documento/Ítem |
O13p |
| 111 1# - ENTRADA PRINCIPAL--NOMBRE DE CONGRESO/REUNIÓN |
| 9 (RLIN) |
23010 |
| Nombre de congreso/reunión o jurisdicción como elemento de entrada |
Concurso de Arte y Literatura Bancentral |
| Número del congreso/reunión o número de parte o sección |
(7 : |
| Fecha del congreso/reunión |
1995 : |
| Sede del congreso/Lugar de la reunión |
Santo Domingo, República Dominicana) |
| 245 10 - MENCIÓN DE TÍTULO |
| Título |
Obras premiadas : |
| Resto del título |
séptimo Concurso de Arte y Literatura Bancentral 2001 / |
| Mención de responsabilidad, etc. |
Edición, José Alcántara Almánzar y Lourdes Lara |
| 260 ## - PUBLICACIÓN, DISTRIBUCIÓN, ETC. |
| Lugar de publicación, distribución, etc. |
Santo Domingo : |
| Nombre del editor, distribuidor, etc. |
Banco Central de la República Dominicana, Departamento Cultural, |
| Fecha de publicación, distribución, etc. |
2002 |
| 300 ## - DESCRIPCIÓN FÍSICA |
| Extensión |
76 p : |
| Otras características físicas |
il., retr. fotogr. ; |
| Dimensiones |
23 cm. |
| 490 ## - MENCIÓN DE SERIE |
| Mención de serie |
Banco Central de la República Dominicana ; |
| Designación de volumen o secuencia |
46 |
| 490 ## - MENCIÓN DE SERIE |
| Mención de serie |
Obras premiadas ; |
| Designación de volumen o secuencia |
7 |
| 505 0# - NOTA DE CONTENIDO CON FORMATO |
| Nota de contenido con formato |
Presentación. |
| 505 0# - NOTA DE CONTENIDO CON FORMATO |
| Nota de contenido con formato |
Premios del año 2001 |
| Título |
Primer premio. Categoría Pintura |
| -- |
"Plenitud" |
| Mención de responsabilidad |
Vladimir A. Bretón Méndez.-- |
| Título |
Azul-Azul / |
| Mención de responsabilidad |
Sarah Perelló Cruz |
| Título |
Primer premio Categoria Cuento |
| -- |
"Dos cuentos" / |
| Mención de responsabilidad |
Henry Almonte Diloné |
| Título |
Primer premio Categoria Fotografía |
| -- |
"Lago Azul" / |
| Mención de responsabilidad |
Rafael V. Ravelo |
| Título |
Segundo premio. Categoria Cuento: |
| -- |
Frente a la nada, dedos de ruina / |
| Mención de responsabilidad |
Juan Manuel Prida |
| Título |
Segundo premio. Categoria Fotografia |
| -- |
Paisaje de palmera / Rafael Ravelo Peña |
| Mención de responsabilidad |
Rafael Ravelo Peña |
| Título |
Expresión de carnaval / |
| Mención de responsabilidad |
José Polanco Santana |
| Título |
Tercer premio. Categoria Cuento |
| -- |
El primer encuentro / |
| Mención de responsabilidad |
Juan Manuel Prida |
| Título |
Segundo premio Categoría Pintura |
| -- |
El coquero / |
| Mención de responsabilidad |
Geraldo Amable Pimentel |
| Título |
Mención de honor Categoría Cuento |
| -- |
Mirtha Celeste Disla |
| Mención de responsabilidad |
Resplandor / |
| Título |
Tercer premio Categoría Fotografía |
| -- |
Ve y lleva la paz / |
| Mención de responsabilidad |
Domingo de la Cruz |
| Título |
Tercer premio Categoria Pintura |
| -- |
Margarita en mi ventana / |
| Mención de responsabilidad |
Celina Fondeur |
| Título |
Mención de honor Categoría Pintura |
| -- |
Maritza Balbuena / |
| Mención de responsabilidad |
Chavón |
| Título |
Quinceañera de la raza negra / |
| Mención de responsabilidad |
Marcela Pérez de Martí |
| 590 ## - NOTA LOCAL (RLIN) |
| Nota local |
Inventariado 2021 / MF |
| 650 #0 - PUNTO DE ACCESO ADICIONAL DE MATERIA--TÉRMINO DE MATERIA |
| 9 (RLIN) |
75099 |
| Término de materia o nombre geográfico como elemento de entrada |
Certamenes Literarios |
| Subdivisión general |
República Dominicana |
| 650 #0 - PUNTO DE ACCESO ADICIONAL DE MATERIA--TÉRMINO DE MATERIA |
| 9 (RLIN) |
73688 |
| Término de materia o nombre geográfico como elemento de entrada |
Arte Dominicano |
| Subdivisión general |
Concursos |
| 650 #0 - PUNTO DE ACCESO ADICIONAL DE MATERIA--TÉRMINO DE MATERIA |
| 9 (RLIN) |
79017 |
| Término de materia o nombre geográfico como elemento de entrada |
Pinturas |
| Subdivisión general |
Artes Plásticas |
| Subdivisión geográfica |
República Dominicana |
| 700 1# - PUNTO DE ACCESO ADICIONAL--NOMBRE DE PERSONA |
| Nombre de persona |
Alcántara Almánzar, José |
| Fechas asociadas al nombre |
1946- |
| Término indicativo de función/relación |
ed. |
| 9 (RLIN) |
7018 |
| 700 ## - PUNTO DE ACCESO ADICIONAL--NOMBRE DE PERSONA |
| 9 (RLIN) |
22948 |
| Nombre de persona |
Lara, Lourdes |
| Término indicativo de función/relación |
ed. |
| 830 ## - PUNTO DE ACCESO ADICIONAL DE SERIE-TÍTULO UNIFORME |
| 9 (RLIN) |
78718 |
| Título uniforme |
Banco Central de la República Dominicana ; |
| Número de parte o sección de la obra |
46 |
| 830 ## - PUNTO DE ACCESO ADICIONAL DE SERIE-TÍTULO UNIFORME |
| 9 (RLIN) |
43528 |
| Título uniforme |
Obras premiadas |
| Número de parte o sección de la obra |
7 |
| 910 ## - DATOS DE OPCIÓN DEL USUARIO (OCLC) |
| Datos de opción del usuario |
MFéliz |
| 942 ## - ELEMENTOS DE PUNTO DE ACCESO ADICIONAL (KOHA) |
| Fuente del sistema de clasificación o colocación |
Dewey Decimal Classification |
| Tipo de ítem Koha |
Libro |